Puck of Pook's Hill / (Record no. 233172)

000 -LEADER
fixed length control field 01350cam a2200289 a 4500
001 - CONTROL NUMBER
control field 15000560
003 - CONTROL NUMBER IDENTIFIER
control field Nust
005 - DATE AND TIME OF LATEST TRANSACTION
control field 20170303151341.0
008 - FIXED-LENGTH DATA ELEMENTS--GENERAL INFORMATION
fixed length control field 070910s1906 gw 000 1 eng c
010 ## - LIBRARY OF CONGRESS CONTROL NUMBER
LC control number a 11000084
020 ## - INTERNATIONAL STANDARD BOOK NUMBER
International Standard Book Number 9781853261381
040 ## - CATALOGING SOURCE
Original cataloging agency University of Michigan Library
Transcribing agency DLC
Modifying agency DLC
043 ## - GEOGRAPHIC AREA CODE
Geographic area code e-uk---
050 00 - LIBRARY OF CONGRESS CALL NUMBER
Classification number PR4854
Item number .C2 1897e
082 ## - DEWEY DECIMAL CLASSIFICATION NUMBER
Classification number 823.8
Author Mark KIP
100 1# - MAIN ENTRY--PERSONAL NAME
Personal name Kipling, Rudyard,
Dates associated with a name 1865-1936.
245 10 - TITLE STATEMENT
Title Puck of Pook's Hill /
Statement of responsibility, etc. by Rudyard Kipling.
250 ## - EDITION STATEMENT
Edition statement Copyright ed.
260 ## - PUBLICATION, DISTRIBUTION, ETC.
Place of publication, distribution, etc. Leipzig :
Name of publisher, distributor, etc. Tauchnitz,
Date of publication, distribution, etc. 1906.
300 ## - PHYSICAL DESCRIPTION
Extent 224 p. ;
Dimensions 16 cm.
490 0# - SERIES STATEMENT
Series statement Collection of British authors ;
Volume/sequential designation v. 3924
501 ## - WITH NOTE
With note With: Kipling, Rudyard. Captains courageous. Leipzig : Tauchnitz, 1897. Bound together subsequent to publication.
Institution to which field applies DLC
505 0# - FORMATTED CONTENTS NOTE
Formatted contents note Weland's sword -- Young men at the manor -- The knights of the joyous venture -- Old men at Pevensey -- A centurion of the Thirtieth -- On the great wall -- The winged hats -- Hal o' the draft -- "Dymchurch Flit" -- The treasure and the law.
510 4# - CITATION/REFERENCES NOTE
Name of source Stewart, J.M. Kipling,
Location within source p. 559
561 ## - OWNERSHIP AND CUSTODIAL HISTORY
Institution to which field applies DLC
650 #0 - SUBJECT ADDED ENTRY--TOPICAL TERM
Topical term or geographic name entry element Space and time
Form subdivision Fiction.
651 #0 - SUBJECT ADDED ENTRY--GEOGRAPHIC NAME
Geographic name Great Britain
General subdivision History
Form subdivision Fiction.
710 2# - ADDED ENTRY--CORPORATE NAME
Corporate name or jurisdiction name as entry element Chandler Kipling Collection (Library of Congress)
Institution to which field applies DLC
906 ## - LOCAL DATA ELEMENT F, LDF (RLIN)
a 7
b cbc
c premver
d 1
e ncip
f 19
g y-genrareb
942 ## - ADDED ENTRY ELEMENTS (KOHA)
Source of classification or shelving scheme
Koha item type Book
Holdings
Withdrawn status Lost status Source of classification or shelving scheme Damaged status Not for loan Collection code Permanent Location Current Location Shelving location Date acquired Total Checkouts Full call number Barcode Date last seen Copy number Price effective from Koha item type
            Central Library (CL) Central Library (CL) Fiction 03/03/2017   823.8 KIP CL803 03/03/2017 1 03/03/2017 Book
© 2023 Central Library, National University of Sciences and Technology. All Rights Reserved.